000 00807nam a2200265Ia 4500
003 OSt
005 20220918171630.0
006 a|||||r|||| 00| 0
007 ta
008 220917b |||||||| |||| 00| 0 eng d
020 _a9788120827653 (hbk)
_c450
024 _a285,829
037 _b84, 28/03/2015, Motilal Banarsidass Publishers Pvt. Ltd.
_cTextual
040 _aARTS
_cARTS
_beng
041 _2eng
_aeng
082 _aPxM57:g, P7
100 _aHarris Roy
_917780
245 0 _aSaussure and his interpreters
250 _a2nd
260 _aDelhi
_bMotilal Banarsidass Pub India
_c2007
300 _ax, 262p.
_ccm.
650 _aLINGUISTICS
942 _hPxM57:g, P7
_cTEXL
_2CC
999 _c140557
_d140557